000 00690nam a2200229 i 4500
001 105798
003 ES-MaACL
005 20250702063052.0
007 t|
008 060829s1968 ag ||||1| spa d
080 _a821.134.2(728.1)-31"19"
100 1 _aAsturias, Miguel Ángel,
_d1899-1974
_923701
245 1 3 _aEl señor presidente /
_cMiguel Angel Asturias.
250 _a11ª ed.
260 _aBuenos Aires :
_bLosada,
_c1968.
300 _a274 p. ;
_c20 cm.
490 1 _aNovelistas de nuestra época
500 _aBiblioteca Juan Andrade.
830 0 _aNovelistas de nuestra época
_9181054
852 _aES-MaACL
_jAND-608
_bR.109906
999 _c105798
_d105798